| 000 | 00457nam a2200157Ia 4500 | ||
|---|---|---|---|
| 003 | IN-BaIIA | ||
| 008 | 211028s9999 xx 000 0 eng d | ||
| 040 | _cIIA Library | ||
| 080 |
_a910.4 _bSIM |
||
| 100 |
_aSimpson, G. C. _963 |
||
| 245 | 0 |
_aBritish (Terra Nova) antartic expedition 1910-1913 _bvol. III, meteorology, tables _cSimpson G. C. |
|
| 260 |
_aLondon _bHarrison and Sons _c1923 |
||
| 300 | _axi, 835p. | ||
| 650 |
_aMeteorology _964 |
||
| 942 | _cBK | ||
| 999 |
_c66 _d66 |
||